Brand Logos That Start With S - Statistics

General Stats
  • This quiz has been taken 56,782 times
    46,550 since last reset
  • The average score is 15 of 20
Answer Stats
Picture Answer % Correct
Sprite
99%
Starbucks
99%
Snickers
98%
Subway
98%
Shell
97%
Samsung
96%
Spotify
96%
Snapchat
95%
Skittles
94%
Safari
92%
Skype
91%
Subaru
81%
Suzuki
68%
Skechers
67%
Skoda
61%
Swarovski
42%
Snapple
25%
Squarespace
23%
Sherwin-Williams
17%
Slack
16%
No matching quizzes found
Score Distribution
Percent of People with Each Score
Percentile by Number Answered
Your Score History
You have not taken this quiz since the last reset